000 00558nam a2200205Ia 4500
005 20260429112206.0
008 260429s9999||||xx |||||||||||||| ||und||
020 _a9789389718423
041 _aEnglish
082 _a824
_bBHA
100 _aBhardwaj, A. P.
245 0 _aEssays :
_bfor civil and judicial services /
_cA. P. Bhardwaj
250 _a2nd ed.
260 _aHaryana :
_bG K Publications (P) Ltd,
_c2020.
300 _ap.; pbk
650 _a Civil services
650 _a Competitive examinations
650 _aEssay writing
942 _cTB
999 _c52816
_d52816